00218nam a2200097Ia 4500008004100000041000800041082000800049100001800057245001900075260002600094231212s1984 xx 000 0 und d aeng a820 aDhimshists J. aHindi Vyakaran aMascowbMir Pubc1984